000
00274nam a22001217a 4500
008
170525b xxu||||| |||| 00| 0 eng d
041
_a
eng
080
_a
621.3
100
_a
26
101
_a
IM
245
_a
ELECTRIC MOTOR AND GENERATOR
_c
TRICKEY.P.H
942
_2
udc
_c
BK
999
_c
14238
_d
14238